|
|
|
|
| LEADER |
01364nam a22003257a 4500 |
| 001 |
30329 |
| 003 |
BD-DhAAL |
| 005 |
20241007144355.0 |
| 008 |
151021s2012 bg a|||| b||| 00| 0 eng d |
| 040 |
|
|
|a BD-DhAAL
|c BD-DhAAL
|
| 082 |
|
|
|2 22
|a 307.1412095492
|
| 245 |
|
|
|a Pilot intervention of improved cook stoves in rural areas :
|b assessment of effects on fuel use, smoke emission and health /
|c Nepal C Dey ... [et al.].
|
| 260 |
|
|
|a Dhaka :
|b Research and Evaluation Division, BRAC,
|c 2012.
|
| 300 |
|
|
|a 26 pages :
|b illustrations ;
|c 25 cm
|
| 490 |
|
|
|a Research monograph series ;
|v 53
|
| 541 |
|
|
|e 30329
|a Complimentary copy from BRAC
|
| 610 |
|
|
|a BRAC
|9 15610
|
| 650 |
|
|
|a Rural development
|z Bangladesh.
|9 15611
|
| 700 |
|
|
|a Dey, Nepal C.
|9 56920
|
| 700 |
|
|
|a Ali, ARM Mehrab.
|9 56921
|
| 700 |
|
|
|a Ashraf, Anik.
|9 15928
|
| 700 |
|
|
|a Arif, Tahmid.
|9 15962
|
| 700 |
|
|
|a Mobarak, Mushfiq.
|9 15963
|
| 700 |
|
|
|a Miller, Grant.
|9 15964
|
| 710 |
|
|
|a BRAC
|9 15610
|
| 830 |
|
|
|a Research monograph series ;
|v 53
|
| 852 |
|
|
|a Ayesha Abed Library
|c BRAC Resource Section
|
| 942 |
|
|
|2 ddc
|c BK
|
| 999 |
|
|
|c 36025
|d 36025
|
| 952 |
|
|
|0 0
|1 0
|2 ddc
|4 0
|6 307_141209549200000_PIL
|7 1
|9 56600
|a BRACUL
|b BRACUL
|c BRS
|d 2015-11-03
|e Complimentary copy from BRAC
|l 0
|o 307.1412095492 PIL
|p 3010030329
|r 2015-11-03
|t 1
|w 2015-11-03
|y BK
|x Complimentary copy from BRAC ; price not available in register
|